Transparency, accountability and equality: the political parties, elections and Referendums Act 2000 (Record no. 50250)

000 -LEADER
fixed length control field 00496pab a2200169 454500
008 - FIXED-LENGTH DATA ELEMENTS--GENERAL INFORMATION
fixed length control field 180718b2001 xxu||||| |||| 00| 0 eng d
100 ## - MAIN ENTRY--PERSONAL NAME
Personal name Ewing, K.D.
245 ## - TITLE STATEMENT
Title Transparency, accountability and equality: the political parties, elections and Referendums Act 2000
260 ## - PUBLICATION, DISTRIBUTION, ETC.
Date of publication, distribution, etc. 2001
300 ## - PHYSICAL DESCRIPTION
Extent p.542-70
362 ## - DATES OF PUBLICATION AND/OR SEQUENTIAL DESIGNATION
Dates of publication and/or sequential designation Autumn
650 ## - SUBJECT ADDED ENTRY--TOPICAL TERM
Topical term or geographic name entry element Elections - Great Britain
650 ## - SUBJECT ADDED ENTRY--TOPICAL TERM
Topical term or geographic name entry element Political parties - Great Britain
650 ## - SUBJECT ADDED ENTRY--TOPICAL TERM
Topical term or geographic name entry element Political parties
773 ## - HOST ITEM ENTRY
Main entry heading Public Law
909 ## -
-- 50250
Holdings
Withdrawn status Lost status Damaged status Not for loan Permanent Location Current Location Date acquired Barcode Date last seen Price effective from Koha item type
        Indian Institute of Public Administration Indian Institute of Public Administration 2018-07-19 AR50678 2018-07-19 2018-07-19 Articles

Powered by Koha